00740nam a2200217 i 4500003000900000005001700009007000300026008004100029040003000070082001900100110002700119240001700146245010000163264004800263300002500311336002700336337003300363338002800396500004900424500004900473DO-SdBNP20250314093842.0ta250314s199u dr 000 0 spa d aDO-SdBNPbspacBNPHUerda axxxbR426L222 aRepública Dominicana10a[leyes,etc.]10aLey No. 223 sobre perdón condicional de la pena :bley No. 224 sobre regimen penitenciario / 1aSanto Domingo :bEditora Tavarez, c[199-]. a30 páginasc21 cm. atextobtxt2rdacontent asin mediaciónbn2rdamedia avolumenbnc2rdacarrier aLey No. 223 del 26 junio de 1984 G. O. 9640. aLey No. 224 del 26 junio de 1984 G. O. 9640.